00773cam a22002297a 4500003000500000005001700005008004100022010001000063011001000073035001100083040000900094100002600103245013800129260004300267300002300310502008200333650003200415650001400447650003300461650002500494650002400519CHAP20250913062744.0041123d2004 mx r 00110 spa d a89056 a90028 a100584 cCHAP00aBrito Vega, Hortensia10aDiversidad de lombrices de tierra y la fertilidad del suelo bajo labranza de conservación y convencionalc/por Hortensia Brito Vega aMontecillo, Méx. :bEl autor,c2004. a103 h. ;bgráfs. aTesis (M.C.) -- CP. Instituto de Recursos Naturales. Programa en Edafología14aLabranza de conservación.14aLabranza.17aLabranzaxEfecto en suelos214aLombrices de tierra.14aSuelosxFertilidad.